Only the best will do (Record no. 83219)

MARC details
000 -LEADER
fixed length control field 00684cab a22001935a 4500
001 - CONTROL NUMBER
control field L153178
008 - FIXED-LENGTH DATA ELEMENTS--GENERAL INFORMATION
fixed length control field 110620e20110611xxk 000 0 eng d
035 ## - SYSTEM CONTROL NUMBER
System control number (Sirsi) u153178
041 0# - LANGUAGE CODE
Language code of text/sound track or separate title eng
100 1# - MAIN ENTRY--PERSONAL NAME
Personal name Farrall, Sally
245 00 - TITLE STATEMENT
Title Only the best will do
260 ## - PUBLICATION, DISTRIBUTION, ETC.
Date of publication, distribution, etc. 2011
490 ## - SERIES STATEMENT
Series statement Estates Gazette
Volume/sequential designation (1123) 11 June 2011, 79(1)
520 ## - SUMMARY, ETC.
Summary, etc. Considers how councils can learn from the decision in Multi-Link Leisure Developments Ltd v North Lanarkshire Council in how they can achieve their duty to obtain best value when disposing of land.
590 ## - LOCAL NOTE (RLIN)
Local note KA
651 #4 - SUBJECT ADDED ENTRY--GEOGRAPHIC NAME
Geographic name England and Wales
Chronological subdivision 1543-
690 ## - LOCAL SUBJECT ADDED ENTRY--TOPICAL TERM (OCLC, RLIN)
Topical term or geographic name as entry element PROPERTY-ACQUISITION AND DISPOSAL OF PROPERTY
942 ## - ADDED ENTRY ELEMENTS (KOHA)
Suppress in OPAC 0
Holdings
Withdrawn status Lost status Source of classification or shelving scheme Damaged status Not for loan Home library Current library Shelving location Date acquired Total Checkouts Full call number Barcode Date last seen Copy number Price effective from Koha item type
    Dewey Decimal Classification     London London Journal article 20/06/2011   L153178 153178-1001 06/08/2019 1 06/08/2019 Journal article